000 00600cam a22002051 4500
001 3585158
005 20180314085518.0
008 730220s1962 nyuaef b 000 0 eng
010 _a 62011620
040 _aDLC
_cDLC
_dDLC
041 _aeng
080 _a709 JAN
082 0 0 _a709 JAN
100 1 _a44
101 _aART
245 0 0 _aHistory of art;
_c[by] H. W. Janson, with Dora Jane Janson.
504 _aBibliography: p. 554-560.
906 _a7
_bcbc
_corignew
_du
_eocip
_f19
_gy-gencatlg
942 _2ddc
_cBK
999 _c45028
_d45028